Using rate advancement periods for communicating the benefits of quitting smoking to older smokers
Gespeichert in:
| Weitere Verfasser: | , |
|---|---|
| Dokumenttyp: | Article (Journal) |
| Sprache: | Englisch |
| Veröffentlicht: |
2013
|
| In: |
Tobacco control
Year: 2013, Jahrgang: 22, Heft: 4, Pages: 227-230 |
| ISSN: | 1468-3318 |
| Online-Zugang: | Resolving-System, kostenfrei, Volltext: http://tobaccocontrol.bmj.com/content/22/4/227.full.pdf+html |
| Verfasserangaben: | Carolin Gellert ... Hermann Brenner |
MARC
| LEADER | 00000caa a22000002c 4500 | ||
|---|---|---|---|
| 001 | 1453529608 | ||
| 003 | DE-627 | ||
| 005 | 20220810235357.0 | ||
| 007 | cr uuu---uuuuu | ||
| 008 | 130613s2013 xx |||||o 00| ||eng c | ||
| 024 | 7 | |a 10.1136/tobaccocontrol-2012-050572 |2 doi | |
| 035 | |a (DE-627)1453529608 | ||
| 035 | |a (DE-576)383529603 | ||
| 035 | |a (DE-599)BSZ383529603 | ||
| 035 | |a (OCoLC)1340489301 | ||
| 040 | |a DE-627 |b ger |c DE-627 |e rakwb | ||
| 041 | |a eng | ||
| 084 | |a 33 |2 sdnb | ||
| 245 | 0 | 0 | |a Using rate advancement periods for communicating the benefits of quitting smoking to older smokers |c Carolin Gellert ... Hermann Brenner |
| 264 | 1 | |c 2013 | |
| 300 | |a 4 | ||
| 336 | |a Text |b txt |2 rdacontent | ||
| 337 | |a Computermedien |b c |2 rdamedia | ||
| 338 | |a Online-Ressource |b cr |2 rdacarrier | ||
| 500 | |a Gesehen am 23.07.2013 | ||
| 700 | 1 | |a Gellert, Carolin |d 1986- |0 (DE-588)1041936532 |0 (DE-627)76802708X |0 (DE-576)311533507 |4 oth | |
| 700 | 1 | |a Brenner, Hermann |0 (DE-588)1020516445 |0 (DE-627)691247005 |0 (DE-576)360642136 |4 oth | |
| 773 | 0 | 8 | |i In |t Tobacco control |d London : BMJ Publ. Group, 1992 |g 22(2013), 4, Seite 227-230 |h Online-Ressource |w (DE-627)320489825 |w (DE-600)2010882-5 |w (DE-576)276271300 |x 1468-3318 |7 nnas |a Using rate advancement periods for communicating the benefits of quitting smoking to older smokers |
| 773 | 1 | 8 | |g volume:22 |g year:2013 |g number:4 |g pages:227-230 |g extent:4 |a Using rate advancement periods for communicating the benefits of quitting smoking to older smokers |
| 856 | 4 | 0 | |u http://tobaccocontrol.bmj.com/content/22/4/227.full.pdf+html |x Resolving-System |z kostenfrei |3 Volltext |
| 951 | |a AR | ||
| 992 | |a 20130613 | ||
| 993 | |a Article | ||
| 994 | |a 2013 | ||
| 998 | |g 1020516445 |a Brenner, Hermann |m 1020516445:Brenner, Hermann |d 850000 |d 851600 |d 50000 |e 850000PB1020516445 |e 851600PB1020516445 |e 50000PB1020516445 |k 0/850000/ |k 1/850000/851600/ |k 0/50000/ |p 6 |y j | ||
| 999 | |a KXP-PPN1453529608 |e 2749334950 | ||
| BIB | |a Y | ||
| SER | |a journal | ||
| JSO | |a {"relHost":[{"part":{"year":"2013","issue":"4","extent":"4","volume":"22","pages":"227-230","text":"22(2013), 4, Seite 227-230"},"id":{"zdb":["2010882-5"],"issn":["1468-3318"],"eki":["320489825"]},"note":["Gesehen am 08.09.2009"],"origin":[{"publisher":"BMJ Publ. Group","dateIssuedDisp":"1992-","publisherPlace":"London","dateIssuedKey":"1992"}],"pubHistory":["1.1992 -"],"language":["eng"],"type":{"media":"Online-Ressource","bibl":"periodical"},"physDesc":[{"extent":"Online-Ressource"}],"titleAlt":[{"title":"An international journal"},{"title":"eTC"}],"recId":"320489825","title":[{"title_sort":"Tobacco control","subtitle":"eTC","title":"Tobacco control"}],"disp":"Using rate advancement periods for communicating the benefits of quitting smoking to older smokersTobacco control"}],"origin":[{"dateIssuedKey":"2013","dateIssuedDisp":"2013"}],"note":["Gesehen am 23.07.2013"],"id":{"eki":["1453529608"],"doi":["10.1136/tobaccocontrol-2012-050572"]},"recId":"1453529608","type":{"media":"Online-Ressource","bibl":"article-journal"},"physDesc":[{"extent":"4 S."}],"language":["eng"],"name":{"displayForm":["Carolin Gellert ... Hermann Brenner"]},"person":[{"given":"Carolin","role":"oth","family":"Gellert","display":"Gellert, Carolin"},{"role":"oth","family":"Brenner","display":"Brenner, Hermann","given":"Hermann"}],"title":[{"title_sort":"Using rate advancement periods for communicating the benefits of quitting smoking to older smokers","title":"Using rate advancement periods for communicating the benefits of quitting smoking to older smokers"}]} | ||
| SRT | |a USINGRATEA2013 | ||